| 000 | 004330000a22001810004500 | ||
|---|---|---|---|
| 003 | MACL | ||
| 005 | 20160129170747.0 | ||
| 008 | 160129b xxu||||| |||| 00| 0 eng d | ||
| 040 |
_aMACL _cMACL |
||
| 041 | _aEnglish | ||
| 082 | _a823/SIN | ||
| 100 |
_aSingh, Kanwalbir Pushpendra _935700 |
||
| 245 | _aThe Ruse | ||
| 260 |
_bRoli Books _c2000 _aNew Delhi |
||
| 350 | _a395 | ||
| 650 |
_aFiction _935701 |
||
| 942 |
_cBK _k823/sin _2ddc |
||
| 999 |
_c31640 _d31640 |
||